000 00505nam a22001817a 4500
003 NUST - PNEC
005 20170116180805.0
008 150422b xxu||||| |||| 00| 0 eng d
020 _a0080305520
040 _cLIBRARY
082 _a355.02 CDS
100 _92930
_aCentre for Defence Studies
245 _aBrassey's defence yearbook, 1994.
_cCentre for Defence Studies
260 _aNew York
_bBrasseys Uk LTD
_cc1994.
300 _a360p. :
650 _92933
_aYear book
_xGeneral
942 _2ddc
_cBK
999 _c63164
_d63164